| 000 | 00502pam a2200181 a 4500 | ||
|---|---|---|---|
| 020 | _a0834802686 : | ||
| 040 | _cDLC | ||
| 041 | 1 | _hjpn | |
| 082 | 0 | 0 | _a181 WEA 1992 A002 Or. |
| 100 | 1 | _aAndō, Shōeki, | |
| 245 | 1 | 4 |
_aThe animal court : _ba political fable from old Japan / |
| 250 | _a1st ed. | ||
| 260 |
_aNew York : _bWeatherhill, _c1992. |
||
| 300 |
_axiii, 118 p. : _bill. ; _c22 cm. |
||
| 500 | _a"Translated from Ando Shoeki's Hosei monogatari." | ||
| 700 | 1 | _aHunter, Jeffrey. | |
| 942 | _cEK | ||
| 999 |
_c16087 _d16087 |
||